| 000 | 00578nam a2200217Ia 4500 | ||
|---|---|---|---|
| 005 | 20250923144612.0 | ||
| 008 | 008 250917s9999 xx 000 0 eng d | ||
| 037 | _aTextual | ||
| 040 |
_aDSWL _beng _cDSWL |
||
| 041 |
_aeng _2eng |
||
| 084 |
_aY1:451, J4 _qDSWL |
||
| 100 |
_aHenry, A.F. _9826526 |
||
| 245 | 0 |
_aSuicide and Idomicide _cby A.F Henry |
|
| 260 |
_aGlencoe _bGlencoe Free Press _c1954 |
||
| 300 | _a214p. | ||
| 365 |
_aUSD _b4 |
||
| 700 |
_aJ.F. Short _9826527 |
||
| 925 | _g4 | ||
| 942 |
_cTEXL _hY1:451, J4 |
||
| 999 |
_c1441039 _d1441039 |
||